[Event "POL-chT3"]
[Site "Jastrzebia Gora POL"]
[Date "2015.??.??"]
[Round "4.71"]
[White "Wolynski, Krzysztof"]
[Black "Grota, Mateusz"]
[Result "1-0"]
[WhiteElo "2061"]
[BlackElo "1890"]
[EventDate "2015.??.??"]
[WhiteTitle "I+"]
[BlackTitle "I"]

1.d4 d6 2.c4 Nf6 3.Nc3 g6 4.e4 Bg7 5.Be2 O-O 6.Bg5 h6 7.Be3 e5 8.d5 Nbd7 
9.Qd2 Nc5 10.f3 a6 11.b4 Ncd7 12.Rc1 Ne8 13.g3 Kh7 14.Bd3 Qe7 15.Nge2 a5 
16.a3 Nb8 17.O-O Na6 18.Nd1 Bh3 19.Re1 Bd7 20.Kg2 f5 21.Nf2 fxe4 22.fxe4 
Nf6 23.h3 Ng8 24.c5 axb4 25.axb4 h5 26.c6 bxc6 27.dxc6 Be6 28.Ng1 Qf7 29.
Rf1 Rfb8 30.Nf3 Bf6 31.Bg5 Kg7 32.Bxf6+ Qxf6 33.Ra1 Nxb4 34.Rxa8 Rxa8 35.
Qxb4 Ra2 36.Bc4 Bg4 37.Bxa2 Qxf3+ 38.Kh2 h4 39.Qb3 hxg3+ 40.Kg1 gxf2+ 41.
Rxf2 Qxb3 42.Bxb3 Bxh3 43.Rf7+ Kh6 44.Kh2 Bg4 45.Kg3 Kg5 46.Rxc7 Nf6 47.
Bd5 1-0

[Event "POL-chT3"]
[Site "Jastrzebia Gora POL"]
[Date "2015.??.??"]
[Round "4.72"]
[White "Cichocka, Urszula"]
[Black "Dziodzio, Angelika"]
[Result "0-1"]
[WhiteElo "1697"]
[BlackElo "2095"]
[EventDate "2015.??.??"]
[WhiteTitle "I++"]
[BlackTitle "k"]

1.e4 c5 2.Nf3 Nf6 3.Nc3 d6 4.d4 cxd4 5.Nxd4 Nc6 6.Be2 e5 7.Nb3 Be7 8.O-O 
O-O 9.f4 a5 10.a4 Nb4 11.Bf3 Be6 12.Be3 exf4 13.Bxf4 Nxc2 14.Qxc2 Qb6+ 15.
Rf2 Bxb3 16.Qd3 Rac8 17.Be3 Qd8 18.Rd2 Bc4 19.Qc2 Nd7 20.e5 Nxe5 21.Bxb7 
Rb8 22.Be4 h6 23.Bd4 Bg5 24.Rf2 Bb3 25.Qe2 Rb4 26.Ra3 Be6 27.Nb5 Bc4 28.
Qe1 Bxb5 29.Bxe5 dxe5 30.axb5 Rxb5 31.Qe2 Rb4 32.Rf1 Qd4+ 0-1

[Event "POL-chT3"]
[Site "Jastrzebia Gora POL"]
[Date "2015.??.??"]
[Round "4.73"]
[White "Teclaf, Pawel"]
[Black "Krzywda, Andrzej"]
[Result "1-0"]
[WhiteElo "2200"]
[BlackElo "2113"]
[EventDate "2015.??.??"]
[WhiteTitle "CM"]
[BlackTitle "k"]

1.e4 c5 2.Nf3 Nc6 3.d4 cxd4 4.Nxd4 Nf6 5.Nc3 d6 6.Bc4 Qb6 7.Nb3 e6 8.Bf4 
Ne5 9.Be2 a6 10.Qd2 Be7 11.O-O-O O-O 12.g4 Qc7 13.Bg3 b5 14.g5 b4 15.gxf6 
bxc3 16.Qxc3 Qxc3 17.bxc3 gxf6 18.Na5 Bd7 19.Rhg1 Kh8 20.f4 Nc6 21.Nc4 d5 
22.Nb6 Ba3+ 23.Kd2 Rad8 24.exd5 exd5 25.Bh4 Be7 26.Ke1 f5 27.Bxe7 Nxe7 28.
Nxd5 Nxd5 29.Rxd5 Rfe8 30.Kd2 Be6 31.Rxd8 Rxd8+ 32.Bd3 a5 33.a3 Rc8 34.Re1
Kg7 35.Re5 Kf6 36.Ke3 Rg8 37.Kf3 a4 38.Ra5 h5 39.Kf2 h4 40.Rxa4 Bd5 41.Ra5
Rg2+ 42.Kf1 Bf3 43.Rxf5+ Ke6 44.Re5+ Kd6 45.Re3 Bc6 46.Re2 Rg4 47.Rf2 Kc5 
48.Ke2 Rg1 49.f5 Kd6 50.f6 Bd5 51.a4 Ra1 52.Rf4 h3 53.Kf2 Ke5 54.Rf5+ Ke6 
55.Kg3 Rxa4 56.Kxh3 Ra3 57.Rf2 Rxc3 58.Kg4 Ra3 59.Kg5 Ra1 60.Rf1 Ra8 61.
Re1+ Kd6 62.Kh6 Ra4 63.Kg5 Be6 64.Re4 Ra1 65.h4 Rg1+ 66.Kf4 Rg4+ 67.Ke3 
Rg3+ 68.Kf2 Rg8 69.Re1 Rg4 70.Rh1 Rf4+ 71.Ke3 Rxf6 72.h5 Bd5 73.Rh3 Rh6 
74.Kf4 Ke7 75.Kg5 Rh8 76.h6 Rg8+ 77.Kf4 Kf6 78.Bf5 Rb8 79.h7 Kg7 80.Rg3+ 
Kh8 81.Ke5 Bc4 82.Rc3 Ba2 83.Rc6 Bb1 84.Kf6 Ba2 85.Kg5 Kg7 86.c4 Rb2 87.
Rc8 f6+ 88.Kf4 Rh2 89.Rg8+ 1-0

[Event "POL-chT3"]
[Site "Jastrzebia Gora POL"]
[Date "2015.??.??"]
[Round "4.74"]
[White "Zgadzaj, Rafal"]
[Black "Oszczanowski, Witold"]
[Result "1/2-1/2"]
[WhiteElo "2115"]
[BlackElo "2086"]
[EventDate "2015.??.??"]
[WhiteTitle "k"]
[BlackTitle "k"]

1.Nf3 c5 2.d4 cxd4 3.Nxd4 Nf6 4.c4 b6 5.Nc3 Bb7 6.b3 g6 7.Bb2 Bg7 8.Qd2 
O-O 9.Rd1 Na6 10.f3 d5 11.cxd5 Nxd5 12.Nxd5 Qxd5 13.e4 Qh5 14.g4 Qe5 15.
Bg2 Rfd8 16.O-O Qc5 17.Qf2 Rac8 18.f4 Nb4 19.a3 Nc2 20.b4 Qc4 21.e5 Bxg2 
22.Kxg2 Nxd4 23.Bxd4 Qd5+ 24.Qf3 Rc2+ 25.Bf2 Qxf3+ 26.Kxf3 Rxd1 27.Rxd1 f5
28.gxf5 gxf5 29.e6 Rc3+ 30.Kg2 Bf6 31.Rd7 Rxa3 32.Rd5 Ra2 33.Kf3 Ra3+ 34.
Ke2 Ra1 35.Rxf5 Kg7 36.Kd3 Ra2 37.Bg3 Rb2 38.Kc4 Kg6 39.Rd5 a6 40.f5+ Kg5 
41.Rd3 Kxf5 42.Ra3 a5 43.bxa5 bxa5 44.Rxa5+ Kxe6 45.Rh5 Kf7 46.Rxh7+ Kg6 
47.Rh3 Rc2+ 48.Kd3 Rc3+ 49.Ke4 e5 50.Kd5 Re3 51.Ke6 Rd3 52.Bxe5 Rxh3 53.
Bxf6 Rxh2 54.Be5 1/2-1/2

[Event "POL-chT3"]
[Site "Jastrzebia Gora POL"]
[Date "2015.??.??"]
[Round "4.75"]
[White "Zareba, Radoslaw"]
[Black "Malecki, Rafal"]
[Result "1-0"]
[WhiteElo "2071"]
[BlackElo "2090"]
[EventDate "2015.??.??"]
[WhiteTitle "I"]
[BlackTitle "k+"]

1.e4 d6 2.d4 Nf6 3.Nc3 g6 4.f3 c6 5.Be3 Qb6 6.Qc1 Bg7 7.Bc4 O-O 8.Nge2 
Nbd7 9.h4 Qc7 10.a4 d5 11.exd5 Nb6 12.Bb3 Nbxd5 13.Nxd5 cxd5 14.Qd2 a5 15.
h5 gxh5 16.Bf4 Qb6 17.Ng3 Ra6 18.O-O-O Qb4 19.Qd3 Bd7 20.Bd2 Qd6 21.Nxh5 
Nxh5 22.Rxh5 Qg6 23.Qxg6 Rxg6 24.g4 e6 25.c3 Rc8 26.Kb1 Rf6 27.f4 h6 28.
Rg1 Kf8 29.Bc2 b6 30.f5 exf5 31.gxf5 Rfc6 32.Bf4 Be8 33.f6 Bxf6 34.Bxh6+ 
Ke7 35.Rxd5 Bd7 36.Re1+ Be6 37.Bb3 Rh8 38.Bf4 Rh4 39.Be5 Bg5 40.Bg3 Rg4 
41.Rxg5 Rxg5 42.Bh4 Kf8 43.Bxe6 Rh5 44.Be7+ Kg7 45.Rg1+ Kh7 46.Bxf7 Rf5 
47.Bb3 Rf2 48.Bc2+ Kh8 49.Bh4 1-0

[Event "POL-chT3"]
[Site "Jastrzebia Gora POL"]
[Date "2015.??.??"]
[Round "4.76"]
[White "Szajda, Marcin"]
[Black "Czachor, Radoslaw"]
[Result "0-1"]
[WhiteElo "2061"]
[BlackElo "1994"]
[EventDate "2015.??.??"]
[WhiteTitle "I++"]
[BlackTitle "I++"]

1.e4 e5 2.Nf3 Nc6 3.Bb5 a6 4.Bxc6 dxc6 5.O-O Qd6 6.h3 Be7 7.d4 exd4 8.Qxd4
Nf6 9.Re1 O-O 10.Bg5 Re8 11.Nbd2 h6 12.Bh4 Nh5 13.Bxe7 Qxd4 14.Nxd4 Rxe7 
15.Rad1 c5 16.N4b3 b6 17.f3 Be6 18.Nf1 Rae8 19.Kf2 Nf4 20.Ng3 a5 21.Nc1 
Bc8 22.Nce2 Nxe2 23.Rxe2 f5 24.exf5 Rxe2+ 25.Nxe2 Bxf5 26.c3 Re7 27.g4 Be6
28.a3 Kf7 29.f4 g6 30.Ng3 Rd7 31.Rxd7+ Bxd7 32.Ke3 h5 33.gxh5 Bxh3 34.
hxg6+ Kxg6 35.Ke4 Kf6 36.f5 a4 37.Kf4 Bg2 38.Nh5+ Kf7 39.Ke5 Bf1 40.Nf4 
Bc4 41.Nh3 Ke7 42.Ng5 Kd7 43.Nh7 Bb3 44.Nf6+ Kc6 45.Ne4 Kd7 46.Ng3 Ke7 47.
f6+ Kd7 48.Nf5 Bf7 49.Nh6 Bb3 50.Nf5 Bf7 51.Ne3 Kc6 52.Nf5 Kd7 53.Ne7 Kd8 
54.Kf5 Kd7 55.Ng6 Be6+ 56.Ke5 Bf7 57.Nh8 Bb3 58.Kf5 Bc2+ 59.Kg5 Ke6 60.Ng6
Bb3 61.Nf8+ Ke5 62.Kg6 Ke4 63.Nd7 Be6 64.f7 Bxf7+ 65.Kxf7 Kd3 66.Ne5+ Kc2 
67.Nc4 Kb3 68.Ke6 Kxc4 69.Kd7 Kb3 70.Kxc7 Kxb2 71.Kxb6 c4 72.Kb5 Kb3 0-1

[Event "POL-chT3"]
[Site "Jastrzebia Gora POL"]
[Date "2015.??.??"]
[Round "4.77"]
[White "Mondrzycki, Bartlomiej"]
[Black "Sztwiertnia, Jan Krzysztof"]
[Result "0-1"]
[WhiteElo "2082"]
[BlackElo "2109"]
[EventDate "2015.??.??"]
[WhiteTitle "I+"]
[BlackTitle "k"]

1.f4 d5 2.Nf3 Nf6 3.e3 Bf5 4.Be2 e6 5.O-O Bd6 6.d3 Nbd7 7.Kh1 O-O 8.Nh4 
Qe7 9.Bf3 h6 10.Nc3 Bh7 11.g3 c6 12.e4 dxe4 13.dxe4 Bb4 14.e5 Bxc3 15.bxc3
Nd5 16.c4 N5b6 17.Be3 Nxc4 18.Bg1 Rfd8 19.Qe1 Ndb6 20.Bg2 Bxc2 21.Qc3 Bh7 
22.a4 Rd3 23.Qc1 Nd2 24.a5 Nd5 0-1

[Event "POL-chT3"]
[Site "Jastrzebia Gora POL"]
[Date "2015.??.??"]
[Round "4.78"]
[White "Chmiel, Dominika"]
[Black "Zdziarska-zareba, Lidia"]
[Result "0-1"]
[WhiteElo "2146"]
[BlackElo "1913"]
[EventDate "2015.??.??"]
[WhiteTitle "m"]
[BlackTitle "k+"]

1.e4 c5 2.Nf3 e6 3.d4 cxd4 4.Nxd4 a6 5.Nc3 b5 6.a4 b4 7.Nce2 Bb7 8.Ng3 Nf6
9.Bd3 Qb6 10.Nb3 Qc7 11.f4 d5 12.e5 Ne4 13.Bxe4 dxe4 14.Be3 Nd7 15.O-O Rc8
16.Rf2 Be7 17.Qe2 O-O 18.Qg4 Rfd8 19.a5 Bd5 20.Nd4 f5 21.exf6 Nxf6 22.Qh3 
Qd7 23.Rd2 Bd6 24.Rad1 e5 25.Nde2 Qxh3 26.gxh3 exf4 27.Nxf4 Bxf4 28.Bxf4 
Rc5 29.Nf5 Rd7 30.Bd6 Rb5 31.Bf4 Be6 32.Rxd7 Bxd7 33.Nd6 Rxa5 34.Nxe4 Bxh3
35.Rd8+ Kf7 36.Ng5+ Ke7 37.Rd4 Bf5 38.Bd6+ Ke8 39.Bxb4 Ra1+ 40.Kg2 Bxc2 
41.Rd2 Bb3 42.Re2+ Kd8 43.Be7+ Kd7 44.Bxf6 gxf6 45.Nxh7 f5 46.Nf6+ Kd6 47.
Kg3 Ra4 48.Re3 f4+ 0-1

[Event "POL-chT3"]
[Site "Jastrzebia Gora POL"]
[Date "2015.??.??"]
[Round "4.79"]
[White "Lapaj, Mateusz"]
[Black "Niekras, Dawid"]
[Result "0-1"]
[WhiteElo "2133"]
[BlackElo "2097"]
[EventDate "2015.??.??"]
[WhiteTitle "k+"]
[BlackTitle "k"]

1.d4 Nf6 2.c4 g6 3.Nc3 Bg7 4.e4 d6 5.f3 O-O 6.Be3 c6 7.Qd2 a6 8.g4 b5 9.g5
Nh5 10.Nge2 Nd7 11.Ng3 Nb6 12.Nxh5 gxh5 13.c5 dxc5 14.dxc5 Qxd2+ 15.Kxd2 
Na4 16.Nxa4 bxa4 17.Rb1 Be6 18.b3 axb3 19.axb3 a5 20.Bd3 a4 21.bxa4 Rxa4 
22.Rhc1 Rd8 23.Ke2 Ra3 24.Rd1 Bb3 25.Rdc1 Ba2 26.Bc4 Bxb1 27.Rxb1 Rc3 28.
Bb3 Bd4 29.Bf4 Rxc5 30.Rd1 Rb5 31.Be3 Rxb3 32.Bxd4 e5 0-1

[Event "POL-chT3"]
[Site "Jastrzebia Gora POL"]
[Date "2015.??.??"]
[Round "4.80"]
[White "Bajerlein, Dawid"]
[Black "Pinkas, Karol"]
[Result "1-0"]
[WhiteElo "2060"]
[BlackElo "2227"]
[EventDate "2015.??.??"]
[WhiteTitle "k"]
[BlackTitle "IM"]

1.d4 c5 2.d5 e5 3.e4 d6 4.Nc3 Be7 5.Nf3 Nf6 6.Be2 O-O 7.O-O Na6 8.Nd2 Rb8 
9.a4 Ne8 10.Nc4 f5 11.f4 exf4 12.Bxf4 g5 13.Bd2 f4 14.Nb5 Bf6 15.Nxa7 Bd4+
16.Kh1 Nf6 17.Nxc8 Rxc8 18.Bg4 Rb8 19.Qf3 Qe7 20.c3 Be5 21.a5 Kg7 22.Be6 
Nc7 23.Nxe5 dxe5 24.Bg4 Rh8 25.c4 h5 26.Bf5 Ng4 27.Qc3 Rbf8 28.b4 Rxf5 29.
exf5 Rf8 30.h3 Rxf5 31.hxg4 hxg4 32.g3 Kg6 33.Kg2 f3+ 34.Kf2 Ne8 35.bxc5 
Qxc5+ 36.Be3 Qc7 37.a6 Nf6 38.Qd3 e4 39.Qd4 1-0

[Event "POL-chT3"]
[Site "Jastrzebia Gora POL"]
[Date "2015.??.??"]
[Round "4.81"]
[White "Garbowski, Jakub"]
[Black "Bernat, Marcin"]
[Result "0-1"]
[WhiteElo "2049"]
[BlackElo "2105"]
[EventDate "2015.??.??"]
[WhiteTitle "I+"]
[BlackTitle "k"]

1.e4 e6 2.d4 d5 3.Nd2 a6 4.Bd3 c5 5.dxc5 Bxc5 6.Ngf3 Nc6 7.a3 Nf6 8.Qe2 
dxe4 9.Nxe4 Nxe4 10.Qxe4 Bd7 11.O-O Bd6 12.b4 f5 13.Qe2 O-O 14.Bb2 Qc7 15.
Rfe1 Rae8 16.Ne5 Nxe5 17.Bxe5 Bxe5 18.Qxe5 Rc8 19.c4 Qxe5 20.Rxe5 Kf7 21.
Rae1 Rfe8 22.f3 Kf6 23.Kf2 g5 24.c5 Bb5 25.Bc2 Rcd8 26.Bb3 Rd2+ 27.Kg1 Bd7
28.R5e2 Rd4 29.Re5 Rd3 30.R5e3 Rd4 31.Re5 f4 32.Bc2 h6 33.R5e2 Bb5 34.Re4 
Rd2 35.Bb3 e5 36.Rd1 Red8 37.Ree1 Be2 38.Rxd2 Rxd2 39.a4 g4 40.Bd5 Rxd5 
41.Rxe2 gxf3 42.gxf3 Rd3 43.Rb2 Rxf3 44.b5 axb5 45.axb5 Rc3 46.c6 b6 47.
Ra2 Kf5 48.Kf2 Ke4 49.Ra4+ Kd5 50.Ra8 Ke4 51.Ra4+ Kf5 52.Ra8 Rc2+ 53.Ke1 
f3 54.Kd1 Rc5 55.Kd2 Ke4 56.Rd8 h5 57.Rf8 f2 58.Rxf2 Rxb5 59.Kc1 Ra5 60.
Rb2 Ra7 61.Rxb6 Rc7 62.Kd2 Kd5 63.Rb7 Kxc6 64.Rxc7+ Kxc7 65.Ke3 Kd6 66.Ke4
Ke6 67.Ke3 Kd5 68.Kd3 h4 69.h3 e4+ 70.Ke3 Ke5 71.Ke2 Kf4 72.Kf2 Kf5 73.Ke3
Ke5 74.Ke2 Kf4 75.Kf2 e3+ 76.Ke2 Ke4 77.Ke1 Kf3 0-1

[Event "POL-chT3"]
[Site "Jastrzebia Gora POL"]
[Date "2015.??.??"]
[Round "4.82"]
[White "Hemmerling, Jaroslaw"]
[Black "Siedlinski, Piotr"]
[Result "0-1"]
[WhiteElo "1971"]
[BlackElo "2072"]
[EventDate "2015.??.??"]
[WhiteTitle "I+"]
[BlackTitle "k"]

1.e4 c5 2.Nf3 e6 3.d4 cxd4 4.Nxd4 Nc6 5.Nc3 Nf6 6.Be3 Bb4 7.Qd3 d5 8.exd5 
Nxd5 9.Nxc6 bxc6 10.Bd2 Nxc3 11.Bxc3 Qa5 12.Bxb4 Qxb4+ 13.Qc3 Qxc3+ 14.
bxc3 Rb8 15.Bd3 Kd7 16.Kd2 Kc7 17.Rab1 Rxb1 18.Rxb1 Rd8 19.Rb4 c5 20.Rf4 
f5 21.Ke3 g5 22.Ra4 Kb6 23.g3 a5 24.Ra3 Bd7 25.Rb3+ Kc7 26.a3 Bc6 27.Rb1 
Rb8 28.Rxb8 Kxb8 29.f4 h6 30.fxg5 hxg5 31.h4 f4+ 32.gxf4 gxh4 33.c4 h3 0-1

[Event "POL-chT3"]
[Site "Jastrzebia Gora POL"]
[Date "2015.??.??"]
[Round "4.83"]
[White "Rosicki, Marcin"]
[Black "Rozumek, Krzysztof"]
[Result "0-1"]
[WhiteElo "1826"]
[BlackElo "1936"]
[EventDate "2015.??.??"]
[WhiteTitle "I"]
[BlackTitle "I++"]

1.e4 c6 2.c4 d5 3.exd5 cxd5 4.cxd5 Nf6 5.Nc3 Nxd5 6.Nf3 e6 7.d4 Be7 8.Bd3 
Nc6 9.O-O O-O 10.a3 a6 11.Be4 Bf6 12.Qd3 g6 13.Bh6 Re8 14.Rfe1 Nce7 15.Ne5
Nxc3 16.bxc3 Bxe5 17.dxe5 Qxd3 18.Bxd3 Bd7 19.Be4 Bc6 20.Bxc6 Nxc6 21.Bg5 
Rac8 22.Rad1 Rc7 23.Rd3 Ne7 24.c4 h5 25.Re4 Rec8 26.g4 hxg4 27.Rxg4 Nf5 
28.Bf6 Ng7 29.Rh4 Nh5 30.Rd8+ Rxd8 31.Bxd8 Rc5 32.Re4 b5 33.cxb5 axb5 34.
Be7 Rd5 35.Kf1 Ng7 36.Ke2 Nf5 37.Bf6 Kf8 38.a4 Nd4+ 39.Kd3 Nc6+ 40.Kc3 
Rc5+ 41.Kb3 Ke8 42.f4 b4 43.Re3 Rd5 44.Kc4 Rd4+ 45.Kc5 Kd7 46.Bg5 b3 47.
Rg3 b2 48.Rg1 Rxa4 49.Rb1 Rb4 50.Bd8 Kxd8 51.Kxc6 Rxf4 52.Rxb2 Rc4+ 53.Kd6
Rd4+ 54.Kc6 Ke7 55.Rb7+ Kf8 56.Rb5 Kg7 57.Ra5 Rd2 58.Ra7 Rxh2 59.Kd7 0-1

[Event "POL-chT3"]
[Site "Jastrzebia Gora POL"]
[Date "2015.??.??"]
[Round "4.84"]
[White "Kupsik, Joanna"]
[Black "Guzik, Jolanta"]
[Result "0-1"]
[WhiteElo "1727"]
[BlackElo "1980"]
[EventDate "2015.??.??"]
[WhiteTitle "I"]
[BlackTitle "WFM"]

1.e4 d5 2.exd5 Qxd5 3.Nc3 Qd6 4.d4 c6 5.Bc4 Nf6 6.Nf3 Bf5 7.Ne5 e6 8.Bb3 
Nbd7 9.Nc4 Qc7 10.Qe2 Bb4 11.Bd2 O-O 12.f3 b5 13.Ne5 Nxe5 14.dxe5 Nd5 15.
g4 Bg6 16.h4 f6 17.h5 Bf7 18.exf6 Nxf6 19.O-O-O a5 20.Bxe6 Rfe8 21.Bxf7+ 
Qxf7 22.Ne4 Nxe4 23.fxe4 Bxd2+ 24.Qxd2 Qxa2 25.c3 Qa1+ 26.Kc2 Qa4+ 27.Kc1 
Rxe4 28.Rhf1 Rae8 29.Rf2 b4 30.Qd3 bxc3 31.Qxc3 Rc4 32.Qxc4+ Qxc4+ 0-1

[Event "POL-chT3"]
[Site "Jastrzebia Gora POL"]
[Date "2015.??.??"]
[Round "4.85"]
[White "Snihur, Piotr"]
[Black "Pulik, Krzysztof"]
[Result "1-0"]
[WhiteElo "2246"]
[BlackElo "2137"]
[EventDate "2015.??.??"]
[WhiteTitle "k"]
[BlackTitle "k"]

1.e4 e6 2.d4 d5 3.e5 c5 4.c3 Qb6 5.Nf3 Nc6 6.a3 Nh6 7.b4 cxb4 8.cxb4 Nf5 
9.Bb2 Bd7 10.g4 Nfe7 11.Nc3 Ng6 12.Qd2 Be7 13.h4 Qd8 14.h5 Nh4 15.Rxh4 
Bxh4 16.g5 h6 17.Nxh4 Qxg5 18.Nf3 Qxh5 19.Qe3 O-O 20.O-O-O f6 21.Be2 Qh3 
22.Rg1 fxe5 23.dxe5 Ne7 24.Kb1 Rf7 25.Nd1 a5 26.bxa5 Rxa5 27.Qb6 Ra8 28.
Qxb7 Bc6 29.Qb3 Ba4 30.Qe3 Raf8 31.Nd4 Qxe3 32.Nxe3 Rb8 33.f3 Rb6 34.Kc1 
g5 35.Bc3 Ng6 36.Ng4 Rfb7 37.Kd2 Kg7 38.Rh1 Nh4 39.f4 Be8 40.Nf6 Bf7 41.
fxg5 hxg5 42.Rg1 Kh6 43.a4 Nf5 44.a5 Nxd4 45.Bxd4 Rb4 46.Bc3 Ra4 47.Ra1 
Rh4 48.a6 Ra7 49.Ng4+ Kg7 50.Bd4 Ra8 51.a7 Bh5 52.Rg1 Rh3 53.Nf2 Rh4 54.
Rxg5+ Bg6 55.Rg4 Rxg4 56.Bxg4 Kf7 57.Be2 Ke7 58.Ba6 1-0

[Event "POL-chT3"]
[Site "Jastrzebia Gora POL"]
[Date "2015.??.??"]
[Round "4.86"]
[White "Skomial, Mateusz"]
[Black "Szadkowski, Kamil"]
[Result "0-1"]
[WhiteElo "2025"]
[BlackElo "2216"]
[EventDate "2015.??.??"]
[WhiteTitle "I++"]
[BlackTitle "k+"]

1.e4 c5 2.c4 Nc6 3.Nf3 e5 4.Nc3 g6 5.d3 Bg7 6.Be2 Nge7 7.Be3 d6 8.Qd2 Nd4 
9.Nd5 O-O 10.O-O Bd7 11.Rab1 a5 12.b3 b5 13.Ne1 Nxd5 14.cxd5 f5 15.f3 b4 
16.Kh1 Nb5 17.Nc2 a4 18.Bg5 Qe8 19.Ne3 h6 20.Bh4 g5 21.Bf2 Nc3 22.Rbc1 Qg6
23.Bd1 axb3 24.Bxb3 g4 25.Be1 gxf3 26.gxf3 fxe4 27.fxe4 Rxf1+ 28.Nxf1 Rf8 
29.Ng3 Bg4 30.h4 Bf3+ 31.Kh2 Qg4 32.Nf1 Ne2 33.Bg3 0-1

[Event "POL-chT3"]
[Site "Jastrzebia Gora POL"]
[Date "2015.??.??"]
[Round "4.87"]
[White "Szadkowski, Krzysztof"]
[Black "Kopczyk, Daniel"]
[Result "0-1"]
[WhiteElo "2107"]
[BlackElo "2133"]
[EventDate "2015.??.??"]
[WhiteTitle "k"]
[BlackTitle "k"]

1.e4 g6 2.Nf3 Bg7 3.d4 d6 4.Bc4 Nf6 5.Qe2 O-O 6.O-O Nc6 7.Rd1 Bg4 8.e5 Ne8
9.Bf4 Qc8 10.Qe3 dxe5 11.dxe5 Bxf3 12.gxf3 Qf5 13.Rd5 Nb4 14.Rb5 Nxc2 15.
Qd2 Nxa1 16.Na3 c6 17.Rxb7 Bxe5 18.Bh6 Bg7 19.Bxg7 Nxg7 20.Rxe7 Rae8 21.
Rxa7 Ne6 22.Qe1 Nf4 23.Qf1 Qg5+ 24.Kh1 Re1 25.Qxe1 Qg2# 0-1

[Event "POL-chT3"]
[Site "Jastrzebia Gora POL"]
[Date "2015.??.??"]
[Round "4.88"]
[White "Wozniak, Maciej"]
[Black "Kwiatkowski, Wiktor"]
[Result "0-1"]
[WhiteElo "2087"]
[BlackElo "1941"]
[EventDate "2015.??.??"]
[WhiteTitle "k"]
[BlackTitle "I"]

1.e4 c5 2.Nc3 Nc6 3.g3 g6 4.Bg2 Bg7 5.d3 d6 6.f4 Nf6 7.Nf3 Bg4 8.h3 Bxf3 
9.Qxf3 Rc8 10.O-O O-O 11.Qf2 Nd7 12.Ne2 Nb4 13.c3 Nxd3 14.Qf3 Nxc1 15.
Raxc1 Qa5 16.a3 b5 17.Rc2 b4 18.Ra1 Rb8 19.Qf1 bxc3 20.Nxc3 Rxb2 21.Rxb2 
Qxc3 22.Raa2 Qxg3 23.Rb7 Bd4+ 24.Kh1 Nf6 25.Rd2 Nh5 26.Rd3 Qh4 27.Qb1 Qxf4
28.Qb3 Ng3+ 29.Rxg3 Qc1+ 30.Bf1 Qxf1+ 31.Kh2 Be5 32.Rxe7 Qf2+ 33.Kh1 Bxg3 
0-1

[Event "POL-chT3"]
[Site "Jastrzebia Gora POL"]
[Date "2015.??.??"]
[Round "4.89"]
[White "Matlewski, Adam"]
[Black "Bielawski, Michal"]
[Result "0-1"]
[WhiteElo "1802"]
[BlackElo "2036"]
[EventDate "2015.??.??"]
[WhiteTitle "I"]
[BlackTitle "I+"]

1.d4 Nf6 2.Nf3 g6 3.g3 Bg7 4.Bg2 O-O 5.O-O d6 6.c4 Nc6 7.d5 Na5 8.Nfd2 c6 
9.Nc3 cxd5 10.cxd5 Qc7 11.e4 Bg4 12.Qe1 Rac8 13.h3 Bd7 14.Kh2 Nh5 15.f4 b5
16.a3 Bxc3 17.bxc3 Qxc3 18.Rb1 Nc4 19.Nxc4 Qxe1 20.Rxe1 Rxc4 21.g4 Ng7 22.
Be3 a6 23.Kg3 Rc3 24.a4 bxa4 25.Bf1 Bb5 26.Bxb5 axb5 27.Rxb5 Ra8 28.Kf2 
Ne8 29.Ke2 a3 30.Kd2 Rac8 31.Ra1 Rc2+ 32.Kd1 a2 33.Rb8 Rxb8 34.Kxc2 Nf6 
35.Rxa2 Nxe4 36.Kd3 f5 37.gxf5 gxf5 38.Rg2+ Kf7 39.h4 Rb3+ 40.Kd4 Rb4+ 41.
Kd3 Rb3+ 42.Kd4 Rb1 43.Rh2 Rd1+ 44.Kc4 Nf6 45.Bd2 Ng4 46.Re2 Rh1 47.Be1 
Rf1 48.Bd2 Rf2 49.Rxf2 Nxf2 50.Kb5 Ne4 51.Ba5 e5 52.fxe5 dxe5 53.Bc7 f4 
54.Kc4 f3 55.Kd3 Nc5+ 56.Ke3 e4 57.Bg3 Nd3 58.h5 Kf6 59.d6 Ke6 60.Bh2 f2 
61.Ke2 e3 62.Bg3 Nc1+ 63.Kf1 Nb3 64.Bxf2 exf2 65.Kxf2 Kxd6 66.Kg3 Ke5 0-1

[Event "POL-chT3"]
[Site "Jastrzebia Gora POL"]
[Date "2015.??.??"]
[Round "4.90"]
[White "Jurkiewicz, Zuzanna"]
[Black "Miturova, Magdalena"]
[Result "0-1"]
[WhiteElo "1507"]
[BlackElo "2173"]
[EventDate "2015.??.??"]
[WhiteTitle "I"]
[BlackTitle "WFM"]

1.Nf3 Nf6 2.c4 e6 3.Qc2 c5 4.e3 Nc6 5.d4 b6 6.a3 Bb7 7.Bd3 Rc8 8.Nc3 d6 9.
O-O Be7 10.d5 exd5 11.cxd5 Nb8 12.Qa4+ Nbd7 13.e4 a6 14.Qd1 O-O 15.Re1 Re8
16.h3 b5 17.Bf4 Bf8 18.Re3 Nh5 19.Bh2 g6 20.Re1 Qf6 21.Qd2 Ne5 22.Nxe5 
dxe5 23.Be2 Nf4 24.Bg4 Rcd8 25.Qc2 h5 26.Be2 Bc8 27.Bxf4 exf4 28.Qd3 Qe5 
29.Qf3 Bd7 30.Bd3 c4 31.Bc2 a5 32.Rab1 b4 33.axb4 axb4 34.Ne2 b3 35.Bxb3 
cxb3 36.Qxb3 Qxe4 37.Rbc1 Rb8 38.Qa2 f3 39.Ng3 Qh4 40.Rxe8 Rxe8 41.Qb3 
fxg2 42.Kxg2 Qxh3+ 43.Kg1 h4 44.Qf3 hxg3 45.Qxg3 Qxg3+ 46.fxg3 Bd6 47.Kf2 
Rb8 48.Rc2 Rb3 49.Kf1 Bxg3 50.Rc3 Rxc3 51.bxc3 Bb5+ 0-1

[Event "POL-chT3"]
[Site "Jastrzebia Gora POL"]
[Date "2015.??.??"]
[Round "4.92"]
[White "Badyra, Wasyl"]
[Black "Chylewski, Patryk"]
[Result "0-1"]
[WhiteElo "2030"]
[BlackElo "2027"]
[EventDate "2015.??.??"]
[WhiteTitle "I"]
[BlackTitle "k"]

1.e4 c5 2.Nf3 e6 3.d3 d5 4.Nbd2 Nc6 5.g3 Bd6 6.Bg2 Nge7 7.O-O Bc7 8.exd5 
exd5 9.c4 O-O 10.Nb3 Bb6 11.Be3 d4 12.Bg5 Bf5 13.Nh4 Be6 14.Re1 Qd7 15.
Bxe7 Nxe7 16.Qh5 Rac8 17.Nd2 Ba5 18.Ne4 Bxe1 19.Rxe1 Bg4 20.Nf6+ gxf6 21.
Rxe7 Bxh5 22.Rxd7 Rfe8 23.Be4 Rcd8 24.Rc7 Rxe4 25.dxe4 d3 26.Nf5 d2 27.Ne3
h6 28.Kg2 Rd3 29.g4 Bxg4 30.f3 Rxe3 31.Rd7 0-1

[Event "POL-chT3"]
[Site "Jastrzebia Gora POL"]
[Date "2015.??.??"]
[Round "4.93"]
[White "Praczukowski, Stanislaw"]
[Black "Budnik, Mateusz"]
[Result "0-1"]
[WhiteElo "2028"]
[BlackElo "1981"]
[EventDate "2015.??.??"]
[WhiteTitle "I++"]
[BlackTitle "I++"]

1.e4 c5 2.Nf3 e6 3.d3 d5 4.Nbd2 Nc6 5.g3 Be7 6.Bg2 Nf6 7.O-O O-O 8.Re1 b5 
9.c3 a5 10.e5 Nd7 11.Nf1 Qc7 12.Bf4 b4 13.h4 a4 14.a3 bxc3 15.bxc3 Ba6 16.
h5 Rfb8 17.h6 g6 18.Ne3 Qb7 19.c4 d4 20.Nd5 exd5 21.cxd5 Nd8 22.e6 fxe6 
23.Bxb8 Rxb8 24.dxe6 Nf6 25.Nxd4 Qb6 26.Nf3 Qb3 27.Rb1 Qxb1 28.Qxb1 Rxb1 
29.Rxb1 Bxd3 30.Rb8 Ng4 31.Ra8 Bb5 32.Rb8 Be8 33.Kf1 Nxh6 34.Ne5 Kg7 35.
Bd5 Nf5 36.g4 Nd4 37.f4 Nc2 38.Nf7 Bxf7 39.exf7 Ne3+ 40.Ke2 Nxd5 41.Ra8 
Kxf7 42.Kf3 Nc3 0-1

[Event "POL-chT3"]
[Site "Jastrzebia Gora POL"]
[Date "2015.??.??"]
[Round "4.94"]
[White "Zolnierowicz, Krzysztof"]
[Black "Kokoszczynski, Jan"]
[Result "0-1"]
[WhiteElo "2043"]
[BlackElo "1873"]
[EventDate "2015.??.??"]
[WhiteTitle "IM"]
[BlackTitle "I++"]

1.e4 e5 2.Nf3 Nf6 3.Nc3 Nc6 4.Bb5 Nd4 5.Ba4 Bc5 6.Nxe5 O-O 7.Nd3 Bb6 8.e5 
Ne8 9.Nd5 d6 10.Nxb6 axb6 11.c3 b5 12.Bb3 Nxb3 13.Qxb3 dxe5 14.Nxe5 Qg5 
15.Qd5 Be6 16.h4 Qf5 17.Qd4 Ra4 18.b4 c5 19.Qxc5 f6 20.Qxb5 Qxe5+ 21.Qxe5 
fxe5 22.O-O e4 23.Re1 Bd5 24.Re3 Rf4 25.d3 Rxh4 26.a3 Kf7 27.c4 Bc6 28.d4 
Nd6 29.Rc3 Nf5 30.d5 Bd7 31.g3 Rg4 32.Bf4 Nd4 33.Kg2 Ne2 0-1

[Event "POL-chT3"]
[Site "Jastrzebia Gora POL"]
[Date "2015.??.??"]
[Round "4.95"]
[White "Wisniewski, Jacek"]
[Black "Stolarczyk, Adam"]
[Result "1/2-1/2"]
[WhiteElo "1736"]
[BlackElo "2160"]
[EventDate "2015.??.??"]
[WhiteTitle "I"]
[BlackTitle "k"]

1.e4 d6 2.d4 Nf6 3.Nc3 g6 4.f4 Bg7 5.Nf3 c5 6.e5 Nfd7 7.Bc4 cxd4 8.Bxf7+ 
Kxf7 9.e6+ Kg8 10.exd7 Nxd7 11.Nxd4 Nc5 12.O-O Ne6 13.Be3 Nxd4 14.Bxd4 e5 
15.Bc5 Be6 16.Qxd6 Qxd6 17.Bxd6 exf4 18.Rxf4 h5 19.Re1 Bf5 20.Be5 Re8 21.
Bxg7 Rxe1+ 22.Kf2 Rc1 23.Bxh8 Kxh8 24.Ke3 Rxc2 25.Rf2 Rxf2 26.Kxf2 Kg7 27.
Ke3 Kf6 28.Nb5 a6 29.Nd6 Be6 30.Nxb7 Bxa2 31.Kd4 Be6 32.b4 Bd7 33.Nd6 Bc6 
34.g3 Bg2 35.b5 Ke6 36.Kc5 axb5 37.Nxb5 Ke5 38.Nc3 Bf1 39.Nd5 g5 40.h4 
gxh4 41.gxh4 Be2 42.Nc7 Kf6 43.Kd4 Bf3 44.Ke3 Bc6 45.Kf4 Ke7 46.Kg5 
1/2-1/2

[Event "POL-chT3"]
[Site "Jastrzebia Gora POL"]
[Date "2015.??.??"]
[Round "4.96"]
[White "Pyzewska, Ewelina"]
[Black "Olechnicka, Karolina"]
[Result "0-1"]
[WhiteElo "1316"]
[BlackElo "1747"]
[EventDate "2015.??.??"]
[WhiteTitle "II"]
[BlackTitle "k++"]

1.e4 c5 2.Nf3 d6 3.c3 Nc6 4.d4 Bg4 5.Be2 cxd4 6.cxd4 e5 7.dxe5 dxe5 8.
Qxd8+ Rxd8 9.Bg5 Be7 10.Be3 Nf6 11.Nbd2 O-O 12.a3 Rd7 13.O-O Rfd8 14.Rfd1 
Bh5 15.Bg5 h6 16.Bxf6 Bxf6 17.Rac1 Bg5 18.Nb3 Bxc1 19.Rxc1 Bxf3 20.Bxf3 
Nd4 21.Bd1 Ne6 22.Bg4 Rc7 23.Rxc7 Nxc7 24.Kf1 Kf8 25.Ke2 Rd6 26.Nc5 Ke7 
27.b4 b6 28.Nd3 f6 29.a4 Rd4 30.Ke3 Na6 31.b5 Nc5 32.Nxc5 bxc5 33.a5 Kd6 
34.g3 c4 35.Be2 Kc5 36.b6 axb6 37.axb6 Kxb6 38.f4 Kc5 39.fxe5 fxe5 40.h4 
Kb4 0-1